000 00363nam a22001577a 4500
003 MPLRDC
005 20220104144125.0
008 210129b ||||| |||| 00| 0 eng d
082 _a544.76 SMS
100 _a
245 _a社会的令一面
_c
260 _a
_b新加坡云南书局
_c
300 _b
650 _a娼妓; 卖淫
942 _cBK
_o544.76 SMS
999 _c46599
_d46589